| 000 | 00558nam a2200205Ia 4500 | ||
|---|---|---|---|
| 005 | 20241216010827.0 | ||
| 008 | 190212s9999||||xx |||||||||||||| ||und|| | ||
| 082 |
_a613.94 _bM22 |
||
| 100 | _aMANISOFF MIRIAM T. | ||
| 245 | 0 |
_aPLANEACION FAMILIAR _bGUIA PARA ENFERMERAS |
|
| 250 | _a0 | ||
| 260 |
_aMEXICO _bINTERAMERICANA S.A. _c1976 |
||
| 300 |
_a104 pag _c22 cm |
||
| 341 | _h0 | ||
| 490 |
_v0 _a0 |
||
| 505 | _aPOBLACION-PLANIFICACION FAMILIAR/ANATOMIA-FISIOLOGIA | ||
| 541 |
_aC _d15-Oct-99 _oSoles |
||
| 650 | _aCIENCIAS APLICADAS | ||
| 942 | _cLIBRO | ||
| 999 |
_c25129 _d25129 |
||